| 000 | 00569nam a2200205Ia 4500 | ||
|---|---|---|---|
| 003 | OSt | ||
| 005 | 20250201130122.0 | ||
| 008 | 210210b1978 xxu||||| |||| 00| 0 eng d | ||
| 040 | _cAL | ||
| 041 | _ahin | ||
| 082 | _aH891.9 NAGH | ||
| 100 |
_aNAGENDR _9197007 |
||
| 110 |
_bनागेंद्र _9197008 |
||
| 245 |
_aHindi sahity ka itihas: _bहिंदी साहित्य का इतिहास |
||
| 260 |
_aJaypur _bNeshanal Pablishing Haus _c1978 |
||
| 300 | _a736 | ||
| 690 |
_aHindi Criticism _9197009 |
||
| 906 | _a033778 | ||
| 942 |
_2ddc _cBK |
||
| 999 |
_c84769 _d84769 |
||